LIBRARY & INFORMATION CENTRE, KCAET, TAVANUR

ONLINE PUBLIC ACCESS CATALOGUE (OPAC)

Text book of material science / (Record no. 8930)

MARC details
000 -LEADER
fixed length control field 00427cam a2200181ua 4500
041 ## - LANGUAGE CODE
Language code of text/sound track or separate title eng
082 ## - DEWEY DECIMAL CLASSIFICATION NUMBER
Classification number 620.11
Item number KUM/TE
100 ## - MAIN ENTRY--AUTHOR NAME
Personal name Kumar, A .
245 ## - TITLE STATEMENT
Title Text book of material science /
250 ## - EDITION STATEMENT
Edition statement 3 /
260 ## - PUBLICATION, DISTRIBUTION, ETC. (IMPRINT)
Place of publication Delhi :
Name of publisher Asian publishers ,
Year of publication 1990.
300 ## - PHYSICAL DESCRIPTION
Number of Pages 364 ; .
942 ## - ADDED ENTRY ELEMENTS (KOHA)
Koha item type Books
Holdings
Withdrawn status Lost status Damaged status Home library Current library Date acquired Full call number Accession Number Koha item type
      KAUAET KAUAET 07/04/2012 620.11 18573 Books
free website counter